[Event "Rome Accademia Winter"]
[Site "Rome"]
[Date "2010.02.14"]
[Round "5"]
[White "Baruffaldi, Giuseppe"]
[Black "Wollenweber, Carsten"]
[Result "0-1"]
[WhiteElo "1655"]
[BlackElo "2131"]
[PlyCount "86"]
[EventDate "2010.02.12"]
[EventType "swiss"]
[EventRounds "5"]
[EventCountry "ITA"]
[SourceTitle "EXT 2024"]
[Source "ChessBase"]
[SourceDate "2023.10.10"]
[SourceVersion "1"]
[SourceVersionDate "2023.10.10"]
[SourceQuality "1"]

1. Nf3 b5 2. g3 Bb7 3. Bg2 e5 4. d3 Bc5 5. 0-0 d6 6. c3 Bc6 7. Qb3 Qd7 8. Be3 Bxe3 9. fxe3 Nf6 10. e4 Na6 11. Qd1 Nc5 12. b3 Ne6 13. Na3 Qe7 14. Nc2 Bd7 15. Ne3 h6 16. Nh4 Ng5 17. Nhf5 Qf8 18. h4 Ne6 19. Nd5 Ng4 20. Nde3 Nxe3 21. Nxe3 Nd8 22. c4 bxc4 23. bxc4 c6 24. Rb1 g6 25. Qd2 Qe7 26. Rf2 h5 27. Rbf1 Rb8 28. Rf6 Be6 29. Kh2 Rb6 30. R6f2 Qb7 31. Rc1 Rb2 32. Rc2 Rxc2 33. Qxc2 Qb6 34. Nd1 Bg4 35. Bf3 Ne6 36. e3 Bxf3 37. Rxf3 0-0 38. Qf2 Qb1 39. Qd2 Nc5 40. Nf2 Rb8 41. Qa5 Nxd3 42. Qc7 Rf8 43. Qxc6 Qxa2 0-1

[Event "Rome Accademia Winter"]
[Site "Rome"]
[Date "2010.02.13"]
[Round "3"]
[White "Proietti, Giorgio"]
[Black "Baruffaldi, Giuseppe"]
[Result "0-1"]
[WhiteElo "1910"]
[BlackElo "1655"]
[PlyCount "88"]
[EventDate "2010.02.12"]
[EventType "swiss"]
[EventRounds "5"]
[EventCountry "ITA"]
[SourceTitle "EXT 2024"]
[Source "ChessBase"]
[SourceDate "2023.10.10"]
[SourceVersion "1"]
[SourceVersionDate "2023.10.10"]
[SourceQuality "1"]

1. d4 Nf6 2. c4 g6 3. Nc3 d5 4. cxd5 Nxd5 5. e4 Nxc3 6. bxc3 Bg7 7. Be3 0-0 8. Nf3 Bg4 9. Qd2 Bxf3 10. gxf3 c5 11. Rb1 Qc7 12. h4 h5 13. Bd3 Nc6 14. d5 Ne5 15. Be2 Rfd8 16. c4 b6 17. Bh6 Bh8 18. Rg1 Rd6 19. f4 Ng4 20. Bxg4 hxg4 21. Rxg4 Kh7 22. e5 Rd7 23. Bg5 f6 24. e6 Rdd8 25. Qc2 Rg8 26. h5 fxg5 27. hxg6+ Kg7 28. Qf5 Raf8 29. Qxg5 Rf6 30. Rh4 Rxg6 31. Qh5 Kf8 32. Rg4 Rf6 33. Rxg8+ Kxg8 34. Qe8+ Rf8 35. Qg6+ Bg7 36. Qg5 Qxf4 37. Qxf4 Rxf4 38. Rb3 Rxc4 39. Rf3 Rd4 40. Ra3 a5 41. Rb3 Rb4 42. Rg3 a4 43. Ra3 b5 44. f3 Rd4 0-1